000 00523nam a2200145Ia 4500
005 20260304130128.0
022 _a2006‑0734
050 _aR 11 .J67/
245 0 _aJos journal of medicine
250 _aVol. 18, No. 1
260 _aPlateau State, Nigeria.
_bAssociation of Resident Doctors, Jos University Teaching Hospital (JUTH)
_c2024
300 _aiii, 84 p. : ill. ; 29 cm.
650 _aScience--Periodicals. Medicine--Periodicals. Science--Nigeria--Periodicals. Medicine--Nigeria--Periodicals.
942 _cSR
_2lcc
999 _c44090
_d44090